[Event "VIE-ch U07 Girls"]
[Site "Ho Chi Minh City"]
[Date "2014.07.18"]
[Round "9"]
[White "Vu, Nguyen Bao Ngoc"]
[Black "Tran, Van Anh"]
[Result "1-0"]
[WhiteElo "1429"]
[BlackElo "1439"]
[PlyCount "109"]
[EventDate "2014.07.13"]
[EventType "swiss"]
[EventRounds "9"]
[EventCountry "VIE"]
[SourceTitle "EXT 2016"]
[Source "ChessBase"]
[SourceDate "2015.10.08"]
[SourceVersion "1"]
[SourceVersionDate "2015.10.08"]
[SourceQuality "1"]

1. e4 e5 2. Nf3 Nc6 3. Bc4 Nf6 4. d3 d6 5. h3 h6 6. Nc3 Be7 7. 0-0 0-0 8. Bb3 Nd4 9. Re1 Nxb3 10. axb3 Re8 11. Be3 Be6 12. Rxa7 Rxa7 13. Bxa7 d5 14. Nxe5 dxe4 15. dxe4 Qa8 16. Be3 Rd8 17. Qa1 Qxa1 18. Rxa1 Bd6 19. Nf3 Bb4 20. e5 Bxc3 21. bxc3 Ne4 22. c4 Nc3 23. Nd4 Bd7 24. f3 Re8 25. Bd2 Rxe5 26. Bxc3 Re3 27. Bd2 Re5 28. Re1 Rh5 29. Re7 Bc6 30. Nxc6 bxc6 31. Rxc7 Rc5 32. Be3 Re5 33. Bf2 Re2 34. Rxc6 Rxc2 35. b4 Rc1+ 36. Kh2 Ra1 37. b5 Ra8 38. b6 Rb8 39. Rc7 Kf8 40. b7 Ke8 41. Rc8+ Kd7 42. Rxb8 Kc7 43. Rf8 Kxb7 44. c5 Kc6 45. Rxf7 Kb5 46. Rc7 Ka6 47. c6 Kb5 48. Rc8 Ka6 49. Bg3 Kb6 50. c7 Kb7 51. Rf8 Kc6 52. c8Q+ Kb6 53. Qc7+ Kb5 54. Rb8+ Ka4 55. Qa7# 1-0

[Event "VIE-ch U07 Girls"]
[Site "Ho Chi Minh City"]
[Date "2014.07.13"]
[Round "2"]
[White "Tran, Van Anh"]
[Black "Thai, Ngoc Tuong Minh"]
[Result "0-1"]
[WhiteElo "1439"]
[BlackElo "1432"]
[PlyCount "60"]
[EventDate "2014.07.13"]
[EventType "swiss"]
[EventRounds "9"]
[EventCountry "VIE"]
[SourceTitle "EXT 2016"]
[Source "ChessBase"]
[SourceDate "2015.10.08"]
[SourceVersion "1"]
[SourceVersionDate "2015.10.08"]
[SourceQuality "1"]

1. e4 c5 2. Nf3 d6 3. Nc3 Nf6 4. Bc4 e6 5. d3 Be7 6. Bg5 Nc6 7. 0-0 0-0 8. Bxf6 Bxf6 9. h3 Bd7 10. Bb5 a6 11. Bxc6 Bxc6 12. Qd2 b5 13. d4 cxd4 14. Nxd4 Bb7 15. Nde2 Rc8 16. Rfe1 b4 17. e5 bxc3 18. bxc3 Bxe5 19. Rab1 Qc7 20. Rb3 Qc6 21. Qg5 h6 22. Qg4 Kh7 23. Rd1 f5 24. Qf3 Qxf3 25. gxf3 Bxf3 26. Re1 Rf6 27. Ng3 Rg6 28. Kh2 f4 29. Ne4 Rg2+ 30. Kh1 Rxf2+ 0-1